[Event "Candidats final"]
[Site "Kuala Lumpur"]
[Date "1990.??.??"]
[Round "3"]
[White "Timman, Jan H"]
[Black "Karpov, Anatoly"]
[Result "1/2-1/2"]
[WhiteElo "2680"]
[BlackElo "2730"]

1.d4 Nf6 2.c4 e6 3.Nc3 Bb4 4.f3 d5 5.a3 Bxc3+ 6.bxc3 c5 7.cxd5 Nxd5 8.dxc5 Qa5
9.e4 Ne7 10.Be3 O-O 11.Qb3 Qc7 12.Bb5 Nec6 13.Rd1 Na5 14.Qb4 e5 15.Ne2 Be6
16.c4 a6 17.Ba4 Nxc4 18.Bf2 Nc6 19.Qc3 Qa5 20.Bxc6 bxc6 21.Qxa5 Nxa5 22.O-O Rab8
23.Nc3 Rb3 24.Na4 Rxa3 25.Nb6 Nc4 26.h3 h5 27.Rc1 Nb2 28.Rb1 Nd3 29.Rfd1 f5
30.exf5 Rxf5 31.Rd2 Nxf2 32.Kxf2 e4 33.Re1 e3+ 34.Rxe3 Rxe3 35.Kxe3 Rxc5
36.Nd7 Rb5 37.f4 a5 38.Ne5 Bd5 39.Rc2 Rb6 40.g4 a4 41.Rc3 h4 42.Ng6 Rb3 43.Kd2 Rb2+
44.Kd3 Kf7 45.Ne5+ Ke8 46.f5 Bg2 47.Kd4 Rb5 48.Ng6 Rb4+ 49.Ke5 Rb3 50.Rc2 Bxh3
51.Rxc6 Bg2 52.Re6+ Kd7 53.Nxh4 Bc6 54.Rg6 Re3+ 55.Kd4 Re7 56.Kc5 Re5+ 57.Kb4 Re4+
58.Kc5 Re5+ 59.Kb4 Re7 60.Kc5 Bb7 61.Kb4 Bc6  1/2-1/2